<?xml version="1.0" encoding="UTF-8"?>
<record
    xmlns:xsi="http://www.w3.org/2001/XMLSchema-instance"
    xsi:schemaLocation="http://www.loc.gov/MARC21/slim http://www.loc.gov/standards/marcxml/schema/MARC21slim.xsd"
    xmlns="http://www.loc.gov/MARC21/slim">

  <leader>00974nam a22002057a 4500</leader>
  <controlfield tag="005">20220211105420.0</controlfield>
  <controlfield tag="008">191016b        sp ||||| |||| 00| 0 spa d</controlfield>
  <datafield tag="020" ind1=" " ind2=" ">
    <subfield code="a">9788491232728</subfield>
  </datafield>
  <datafield tag="050" ind1="0" ind2="4">
    <subfield code="a">E902 </subfield>
    <subfield code="b">C78 2017</subfield>
  </datafield>
  <datafield tag="100" ind1="1" ind2=" ">
    <subfield code="a">Cruz Revueltas, Juan Crist&#xF3;bal,</subfield>
  </datafield>
  <datafield tag="245" ind1="1" ind2="0">
    <subfield code="a">Una democracia fr&#xE1;gil :</subfield>
    <subfield code="b">religi&#xF3;n, laicidad y clases sociales en los Estados Unidos /</subfield>
    <subfield code="c">Juan Crist&#xF3;bal Cruz Revueltas, Denis Lacorne</subfield>
  </datafield>
  <datafield tag="260" ind1=" " ind2=" ">
    <subfield code="a">Madrid :</subfield>
    <subfield code="b">Marcial Pons :</subfield>
    <subfield code="b"> Instituto de Investigaciones Hist&#xF3;ricas, Universidad Michoacana de San Nicol&#xE1;s de Hidalgo :</subfield>
    <subfield code="b">Universidad Aut&#xF3;noma del Estado de Morelos :</subfield>
    <subfield code="b">Universidad Salesiana,</subfield>
    <subfield code="c">2017</subfield>
  </datafield>
  <datafield tag="300" ind1=" " ind2=" ">
    <subfield code="a">123 p&#xE1;ginas ;</subfield>
    <subfield code="c">24 cm</subfield>
  </datafield>
  <datafield tag="490" ind1="0" ind2=" ">
    <subfield code="a">Historia contempor&#xE1;nea de Am&#xE9;rica</subfield>
  </datafield>
  <datafield tag="650" ind1=" " ind2="7">
    <subfield code="2">lemb</subfield>
    <subfield code="a">Religi&#xF3;n y pol&#xED;tica </subfield>
    <subfield code="z">Estados Unidos</subfield>
    <subfield code="x">Historia </subfield>
    <subfield code="y">Siglo XXI</subfield>
  </datafield>
  <datafield tag="650" ind1=" " ind2="7">
    <subfield code="2">lemb</subfield>
    <subfield code="a">Democracia  </subfield>
    <subfield code="z">Estados Unidos</subfield>
  </datafield>
  <datafield tag="651" ind1=" " ind2="7">
    <subfield code="2">lemb</subfield>
    <subfield code="a">Estados Unidos</subfield>
    <subfield code="x">Pol&#xED;tica y gobierno</subfield>
    <subfield code="y">Siglo XXI</subfield>
  </datafield>
  <datafield tag="700" ind1="1" ind2=" ">
    <subfield code="a">Lacorne, Denis, </subfield>
    <subfield code="e">autor</subfield>
  </datafield>
  <datafield tag="942" ind1=" " ind2=" ">
    <subfield code="2">lcc</subfield>
    <subfield code="c">LIB</subfield>
  </datafield>
  <datafield tag="999" ind1=" " ind2=" ">
    <subfield code="c">152095</subfield>
    <subfield code="d">152093</subfield>
  </datafield>
  <datafield tag="952" ind1=" " ind2=" ">
    <subfield code="1">0</subfield>
    <subfield code="2">lcc</subfield>
    <subfield code="4">0</subfield>
    <subfield code="7">0</subfield>
    <subfield code="a">INV-033</subfield>
    <subfield code="b">INV-033</subfield>
    <subfield code="c">GENERAL</subfield>
    <subfield code="d">2019-10-16</subfield>
    <subfield code="k">CSA</subfield>
    <subfield code="o">E902 C78 2017</subfield>
    <subfield code="p">IIH000029298</subfield>
    <subfield code="r">2019-10-16 00:00:00</subfield>
    <subfield code="t">C:1</subfield>
    <subfield code="v">1.00</subfield>
    <subfield code="y">LIB</subfield>
  </datafield>
  <datafield tag="952" ind1=" " ind2=" ">
    <subfield code="1">0</subfield>
    <subfield code="2">lcc</subfield>
    <subfield code="4">0</subfield>
    <subfield code="7">0</subfield>
    <subfield code="a">INV-033</subfield>
    <subfield code="b">INV-033</subfield>
    <subfield code="c">GENERAL</subfield>
    <subfield code="d">2022-02-11</subfield>
    <subfield code="f">1a ed.</subfield>
    <subfield code="i">H</subfield>
    <subfield code="k">CSA</subfield>
    <subfield code="l">0</subfield>
    <subfield code="o">E902 C78 2017</subfield>
    <subfield code="p">IIH000031907</subfield>
    <subfield code="r">2022-02-11 00:00:00</subfield>
    <subfield code="t">C:2</subfield>
    <subfield code="v">1.00</subfield>
    <subfield code="y">LIB</subfield>
  </datafield>
</record>
